El logos social : aporte de la sociología al humanismo contemporáneo /
Shranjeno v:
| Format: | Knjiga |
|---|---|
| Jezik: | Spanish |
| Izdano: |
San José, Costa Rica:
Editorial de la Universidad de Costa Rica,
1998.
|
| Teme: | |
| Oznake: |
Označite
Brez oznak, prvi označite!
|
MARC
| LEADER | 00000nam a22000007a 4500 | ||
|---|---|---|---|
| 008 | 150703s1998 cr ||||| |||| 00| 0 spa d | ||
| 020 | |a 9977674949 | ||
| 082 | |a 301 |b L832L | ||
| 245 | 1 | 3 | |a El logos social : |b aporte de la sociología al humanismo contemporáneo / |c Patricia Mora y otros |
| 260 | |a San José, Costa Rica: |b Editorial de la Universidad de Costa Rica, |c 1998. | ||
| 300 | |a 154 páginas | ||
| 505 | |r Patricia Mora Castellanos. |t Repensar o impensar las ciencias sociales del siglo XXI? / | ||
| 505 | |r Ana Delia Ramírez Calderón. |t Objetivos e implicaciones básicas de la investigación / | ||
| 505 | |r Abelino Martínez Rocha. |t Vida cotidiana y socialización. La vigencia del individuo en la sociedad / | ||
| 505 | |r Ana Delia Ramírez Calderón. |t Reflexiones en torno al concepto de familia / | ||
| 505 | |r Boris R. Jean-Pierre. |t Identidad, cultura y sociedad / | ||
| 505 | |r Gina Valitutti Chavarría. |t De la construcción teórica e histórica de la cultura / | ||
| 505 | |r Ana Delia Ramírez Calderón |t Agrupamientos humanos y organizaciones sociales / | ||
| 505 | |r Mayela Cubillo Mora. |t Los elementos sociológicos en las organizaciones / | ||
| 505 | |r Macarena Barahona Riera. |t Poder y desigualdad / | ||
| 505 | |r Mayela Cubillo Mora. |t Poder / | ||
| 505 | |r Patricia Mora Castellanos. |t La población urbana en Costa Rica / | ||
| 650 | 1 | 4 | |a SOCIOLOGIA |
| 650 | 1 | 4 | |a ANTROPOLOGIA FILOSOFICA |
| 650 | 1 | 4 | |a CAMBIO SOCIAL |
| 942 | |2 ddc |c BK | ||
| 999 | |c 4355 |d 4355 | ||



